| 000 | 00538nam a2200181Ia 4500 | ||
|---|---|---|---|
| 003 | OSt | ||
| 005 | 20200922111747.0 | ||
| 008 | 190216s9999||||xx |||||||||||||| ||und|| | ||
| 020 | _a9788121904636 | ||
| 040 | _coclc | ||
| 082 |
_a588 _bVAS/B |
||
| 100 |
_aVashishta, B R _94772 |
||
| 245 | 0 |
_aBotany For Degree Students: _bBryophyta / _cB R Vashishta ; A K Sinha ; Adarsh Kumar |
|
| 260 |
_bS Chand & Company, _c2004. _aNew Delhi: |
||
| 300 | _a488p | ||
| 650 | _aBotany | ||
| 942 |
_cBK _2ddc _h588 _iVAS/B _k588 _mVAS/B |
||
| 999 |
_c1511 _d1511 |
||